=LDR 00000nam 2200000 4500 =001 INLIS000000000024353 =005 20130612122939 =008 ***********************************Ind** =035 ##$$0010-061300000024353 =041 ##$$a Ind =082 ##$$a 808.93 =090 ##$$a 808.93, Sum p =100 ##$$a Sumarjo, Jakob =245 ##$$a Pengantar novel indonesia, Jacob Sumardjo =260 ##$$a 1991 $b Bandung =300 ##$$a lxii, 258 hlm, 21 cm =650 ##$$a Fiksi Indonesia-Teori =850 ##$$a NBPNMAT